| 000 | 02564cam a22003131i 4500 | ||
|---|---|---|---|
| 003 | SA-RiAUC | ||
| 005 | 20250102102713.0 | ||
| 008 | 241020s2007 su g 000 0dara c | ||
| 020 | _a6001 | ||
| 040 |
_aSA-JeALM _bara _cSA-RiAUC. _erda |
||
| 082 | 0 | 4 |
_a239 _qSA-RiAUC |
| 090 |
_a239 _b ت ر م |
||
| 100 | 1 |
_aالترمذي، محمد بن عيسى بن سورة، _d209-279 هجري _eمؤلف. |
|
| 245 | 1 | 2 |
_aالشمائل المحمدية / _cأبو عيسى محمد بن عيسى الترمذي. ومعه، المواهب اللدنية على الشمائل المحمدية إبراهيم بن محمد الباجوري الشافعي.اعتنى بة محمد عوامة |
| 250 | _aالطبعة الاول | ||
| 264 | 1 |
_aدون مكان نشر : _bمحمد عوامة _c2001 |
|
| 300 |
_a700 صفحة ؛ _c25 سم |
||
| 336 |
_aنص _btxt _2rdacontent _3كتاب |
||
| 337 |
_aبدون وسيط _bn _2rdamedia |
||
| 338 |
_aمجلد _bnc _2rdacarrier |
||
| 500 | _aغلاف مصور. | ||
| 600 | 0 | 7 |
_aمحمد (صلى الله عليه وسلم)، _d53 قبل الهجرة-11 هجري _xأخلاق _2aucnm |
| 650 | 7 |
_aأخلاق الرسول _2aucsh |
|
| 700 | 1 | 2 |
_aالباجوري، إبراهيم بن محمد بن أحمد، _d1198-1277 هجري. _iمع (عمل) : _tالمواهب اللدنية علي الشمائل المحمدية |
| 856 |
_uhttp://www.saaid.net/book/7/1036.zip _yDigital Copy _2 نرجو الانتباه لإمكانية وجود اختلاف في الطبعة أو الناشر بين البيانات على البوابة وما ستجده على الكتاب نظرا لمحدودية المعلومات المتاحة على الموقع الناشر للمادة. _3Please note that there may be a difference in the edition or publisher between the data on the portal and the book due to the limited information available on the publisher website for the material. |
||
| 856 |
_uhttp://saaid.net/book/open.php?cat=94&book=1905 _yExternal Link _2 نرجو الانتباه لإمكانية وجود اختلاف في الطبعة أو الناشر بين البيانات على البوابة وما ستجده على الكتاب نظرا لمحدودية المعلومات المتاحة على الموقع الناشر للمادة. _3Please note that there may be a difference in the edition or publisher between the data on the portal and the book due to the limited information available on the publisher website for the material. |
||
| 942 |
_2ddc _cBOOK _n0 |
||
| 949 |
_aSA-JeALM _d241020 _umohamedma123 _n1 |
||
| 999 |
_c4371 _d4371 |
||